书目信息 |
| 题名: |
西方现代艺术批判
|
|
| 作者: | 王天兵 著 | |
| 分册: | ||
| 出版信息: | 北京 中国人民大学出版社 2003 |
|
| 页数: | 240页 | |
| 开本: | 24cm | |
| 丛书名: | 朗朗书房 | |
| 单 册: | ||
| 中图分类: | J05 | |
| 科图分类: | ||
| 主题词: | 艺术评论--西方国家--现代 | |
| 电子资源: | ||
| ISBN: | 7-300-04801-3 | |
| 000 | 00852oam2 2200253 45 | |
| 001 | 002483196 | |
| 005 | 20070115144544.54 | |
| 010 | @a7-300-04801-3@dCNY49.80 | |
| 100 | @a20031023d2003 em y0chiy0110 ea | |
| 101 | 0 | @achi |
| 102 | @aCN@b110000 | |
| 105 | @aa z 000yy | |
| 200 | 1 | @a西方现代艺术批判@Axi fang xian dai yi shu pi pan@f王天兵著@FWang Tian Bing Zhu |
| 210 | @a北京@c中国人民大学出版社@d2003 | |
| 215 | @a240页@c图@d24cm | |
| 225 | 2 | @a朗朗书房@i西方艺术史论名著 |
| 308 | @a丛书第一辑 | |
| 330 | @a本书为中文领域内第一本全面批判从十九世纪末到二十世纪末的西方现代艺术的学术书籍,书中对从塞尚、毕加索到杜尚这些公认的艺术大师进行了大胆、新颖的再评价。 | |
| 410 | @12001 @a朗朗书房 | |
| 606 | 0 | @a艺术评论@y西方国家@z现代 |
| 690 | @aJ05@v4 | |
| 701 | 0 | @a王天兵@4著 |
| 801 | 0 | @aCN@bNLC@c20070115 |
| 905 | @b341140@dJ05@e113@f1 | |
| 西方现代艺术批判/王天兵著.-北京:中国人民大学出版社,2003 |
| 240页:图;24cm.-(朗朗书房.西方艺术史论名著) |
| ISBN 7-300-04801-3:CNY49.80 |
| 本书为中文领域内第一本全面批判从十九世纪末到二十世纪末的西方现代艺术的学术书籍,书中对从塞尚、毕加索到杜尚这些公认的艺术大师进行了大胆、新颖的再评价。 |
| ● |
| 相关链接 |
|
|
|
|
正题名:西方现代艺术批判
索取号:J05/113
 
预约/预借
| 序号 | 登录号 | 条形码 | 馆藏地/架位号 | 状态 | 备注 |
| 1 | 0341140 | 203411405 | 第一样本阅览室/ [索取号:J05/113] | 在馆 | |
| 2 | 0611376 | 206113766 | 第一借阅区/ [索取号:J05/113] | 在馆 | |
| 3 | 0611377 | 206113775 | 第一借阅区/ [索取号:J05/113] | 在馆 | |
| 4 | 0611378 | 206113784 | 第一借阅区/ [索取号:J05/113] | 在馆 | |
| 5 | 0611379 | 206113793 | 第一借阅区/ [索取号:J05/113] | 在馆 | |
| 6 | 0611380 | 206113800 | 第一借阅区/ [索取号:J05/113] | 在馆 |